Inscriptiones Britanniae latinae (Record no. 114155)

MARC details
000 -LEADER
fixed length control field 00632cam a22001815a 4500
001 - CONTROL NUMBER
control field L156285
008 - FIXED-LENGTH DATA ELEMENTS--GENERAL INFORMATION
fixed length control field 120510s1873 xxk f 000 0 eng d
035 ## - SYSTEM CONTROL NUMBER
System control number (Sirsi) u156285
041 0# - LANGUAGE CODE
Language code of text/sound track or separate title eng
245 00 - TITLE STATEMENT
Title Inscriptiones Britanniae latinae
Remainder of title consilio et auctoritate Academiae Litterarum Regiae Borussicae
260 ## - PUBLICATION, DISTRIBUTION, ETC.
Place of publication, distribution, etc. Berolini [Berlin]
Name of publisher, distributor, etc. Reimer
Date of publication, distribution, etc. 1873
300 ## - PHYSICAL DESCRIPTION
Extent xii, 2, 345 p.
Other physical details map
Dimensions 39 cm.
583 0# - ACTION NOTE
Action Condition reviewed
Time/date of action 20120620
Status condition level 4, detached boards
651 #4 - SUBJECT ADDED ENTRY--GEOGRAPHIC NAME
Geographic name Great Britain
Chronological subdivision 1707-
690 ## - LOCAL SUBJECT ADDED ENTRY--TOPICAL TERM (OCLC, RLIN)
Topical term or geographic name as entry element Conservation and restoration
700 1# - ADDED ENTRY--PERSONAL NAME
Personal name Hubner, Ernst Willibald Emil
Dates associated with a name 1834-1901
Relator term Editor
942 ## - ADDED ENTRY ELEMENTS (KOHA)
Suppress in OPAC 0
Holdings
Withdrawn status Lost status Source of classification or shelving scheme Damaged status Not for loan Home library Current library Shelving location Date acquired Total Checkouts Full call number Barcode Date last seen Copy number Price effective from Koha item type
    Dewey Decimal Classification     Historic collection Historic collection Historic collection 10/05/2012   FOLIO 1873 HUBNER 30077728 06/08/2019 1 06/08/2019 Book